[Event "EU Small Countries ol 7th"]
[Site "Sliema"]
[Date "2021.11.29"]
[Round "2.1"]
[White "Rodgaard, John"]
[Black "Wagener, Claude"]
[Result "1-0"]
[WhiteElo "2317"]
[BlackElo "2217"]
[PlyCount "149"]
[EventDate "2021.11.28"]
[EventType "team-tourn"]
[EventRounds "9"]
[EventCountry "MLT"]
[SourceTitle "CBM 205 Extra"]
[Source "ChessBase"]
[SourceDate "2022.01.31"]
[SourceVersion "1"]
[SourceVersionDate "2022.01.31"]
[SourceQuality "1"]
[WhiteTeam "Faroe Islands"]
[BlackTeam "Luxembourg"]
[WhiteTeamCountry "FAI"]
[BlackTeamCountry "LUX"]

1. c4 Nf6 2. Nf3 g6 3. Nc3 d5 4. cxd5 Nxd5 5. e4 Nxc3 6. dxc3 Qxd1+ 7. Kxd1 f6 8. Be3 e5 9. Nd2 Be6 10. Bc4 Bxc4 11. Nxc4 Nd7 12. b4 0-0-0 13. Kc2 Nb6 14. Na5 h5 15. Rhd1 Rxd1 16. Rxd1 c6 17. Kb3 Kc7 18. a4 Bh6 19. Bxb6+ axb6 20. Nc4 Bf8 21. Rd3 Be7 22. Rg3 Rg8 23. h3 Bf8 24. Rf3 Be7 25. g4 hxg4 26. hxg4 g5 27. Rh3 Rg7 28. Rh8 Rf7 29. f3 Bf8 30. Ne3 Be7 31. Nf5 Bd8 32. Kc2 Kd7 33. Ng3 Kc7 34. Nf1 Be7 35. Nd2 Bf8 36. Nc4 Be7 37. a5 bxa5 38. Nxa5 Bf8 39. Nc4 Be7 40. Ne3 Bd8 41. Nf5 Kd7 42. c4 b6 43. Kc3 Kc7 44. c5 bxc5 45. bxc5 Rd7 46. Nd6 Kb8 47. Kc4 Ka7 48. Re8 Kb8 49. Re6 Ra7 50. Re8 Rd7 51. Rf8 Ka7 52. Rh8 Bc7 53. Nf5 Bd8 54. Rh2 Bc7 55. Rb2 Ka6 56. Rb3 Ka7 57. Rb1 Ka6 58. Rh1 Rd2 59. Rh7 Ba5 60. Rf7 Rc2+ 61. Kd3 Rxc5 62. Rxf6 Rc3+ 63. Ke2 Kb5 64. Nd6+ Kb4 65. Nf7 c5 66. Nxe5 Rc2+ 67. Kd1 Kb3 68. Rd6 c4 69. Nc6 Bc3 70. e5 Rf2 71. e6 Rxf3 72. Ke2 Rf4 73. e7 Re4+ 74. Kf3 Re1 75. Rd8 1-0

[Event "Oberliga Sued W 1920"]
[Site "Germany"]
[Date "2020.01.19"]
[Round "5.2"]
[White "Wagener, Claude"]
[Black "Gross, Georg"]
[Result "1/2-1/2"]
[WhiteElo "2241"]
[BlackElo "2246"]
[PlyCount "85"]
[EventDate "2019.09.29"]
[EventType "team-tourn"]
[EventRounds "9"]
[EventCountry "GER"]
[SourceTitle "EXT 2021"]
[Source "ChessBase"]
[SourceDate "2020.10.23"]
[SourceVersion "1"]
[SourceVersionDate "2020.10.23"]
[SourceQuality "1"]

1. e4 Nc6 2. Nf3 d6 3. d4 Nf6 4. Nc3 g6 5. h3 Bg7 6. Be3 a6 7. a4 0-0 8. Qd2 e5 9. d5 Nb4 10. a5 c5 11. g4 Bd7 12. Be2 b6 13. g5 Nh5 14. Nd1 f5 15. gxf6 Nxf6 16. Bg5 bxa5 17. c3 Qb6 18. Bxf6 Rxf6 19. cxb4 axb4 20. Qe3 a5 21. Nd2 a4 22. Nc4 Qc7 23. h4 Rf4 24. h5 g5 25. f3 Bh6 26. Qg1 Kh8 27. Nf2 Rg8 28. Qg2 b3 29. Ng4 Bf8 30. Nf2 Bh6 31. Nd3 Rf6 32. Rg1 Be8 33. Qh2 Bb5 34. Nf2 Rf4 35. Ng4 Bf8 36. Qg2 Qb8 37. Rc1 Be8 38. Qh3 Bd7 39. Qh2 Qb4+ 40. Rc3 Bb5 41. Nge3 Rh4 42. Qg3 Rxh5 43. Kf2 1/2-1/2

[Event "Oberliga Sued W 1819"]
[Site "Germany"]
[Date "2019.02.03"]
[Round "6.2"]
[White "Wagener, Claude"]
[Black "Fulea, Dan"]
[Result "1/2-1/2"]
[WhiteElo "2271"]
[BlackElo "2193"]
[PlyCount "64"]
[EventDate "2018.10.21"]
[EventType "team-tourn"]
[EventRounds "9"]
[EventCountry "GER"]
[SourceTitle "EXT 2020"]
[Source "ChessBase"]
[SourceDate "2019.10.17"]
[SourceVersion "1"]
[SourceVersionDate "2019.10.17"]
[SourceQuality "1"]
[WhiteTeam "Altenkirchen"]
[BlackTeam "Frankenthal"]
[WhiteTeamCountry "GER"]
[BlackTeamCountry "GER"]

1. e4 d6 2. d4 Nf6 3. Nc3 c6 4. f4 Qa5 5. e5 Ne4 6. Qf3 d5 7. Bd3 Na6 8. Nge2 Nb4 9. 0-0 Nxd3 10. cxd3 Nxc3 11. bxc3 g6 12. Bd2 h5 13. Qe3 Qa6 14. Rac1 Bh6 15. c4 Be6 16. cxd5 Bxd5 17. Nc3 0-0 18. Nxd5 cxd5 19. Qh3 Qxa2 20. Rf2 Kh7 21. g4 hxg4 22. Qh4 Kg7 23. Bb4 Qa4 24. Bxe7 Rh8 25. Bf6+ Kh7 26. Bxh8 Rxh8 27. Rc7 Rf8 28. f5 Qxd4 29. Kg2 Qxd3 30. fxg6+ Qxg6 31. Rxb7 Qe4+ 32. Kf1 Qh1+ 1/2-1/2

[Event "BEL-chT 1617"]
[Site "Belgium"]
[Date "2017.03.26"]
[Round "10.6"]
[White "Piacentini, Claudio"]
[Black "Wagener, Claude"]
[Result "0-1"]
[WhiteElo "2162"]
[BlackElo "2267"]
[PlyCount "72"]
[EventDate "2016.10.02"]
[EventType "team-tourn"]
[EventRounds "11"]
[EventCountry "BEL"]
[SourceTitle "EXT 2018"]
[Source "ChessBase"]
[SourceDate "2017.10.13"]
[SourceVersion "1"]
[SourceVersionDate "2017.10.13"]
[SourceQuality "1"]
[WhiteTeam "Charleroi CREC"]
[BlackTeam "Wirtzfeld"]
[WhiteTeamCountry "BEL"]
[BlackTeamCountry "BEL"]

1. e4 c5 2. Nf3 e6 3. d4 cxd4 4. Nxd4 Nc6 5. Nc3 d6 6. Bb5 Bd7 7. 0-0 Nf6 8. Be3 Be7 9. f3 0-0 10. Qd2 a6 11. Ba4 b5 12. Nxc6 Bxc6 13. Bb3 Qc7 14. Rfd1 b4 15. Ne2 d5 16. exd5 Nxd5 17. Bxd5 Bxd5 18. Nf4 Bc4 19. b3 Bb5 20. a4 Bc6 21. Nd3 a5 22. Qf2 Bf6 23. Rab1 Rfe8 24. Bf4 e5 25. Bg3 Qc8 26. Nb2 e4 27. Nc4 Qa6 28. fxe4 Rxe4 29. Rd6 Be7 30. Rf1 Rf8 31. Rd2 Ba8 32. Bd6 Bxd6 33. Rxd6 Qb7 34. Rb6 Qe7 35. Qg3 h5 36. Nd6 Rg4 0-1

[Event "BEL-chT 1617"]
[Site "Belgium"]
[Date "2017.01.29"]
[Round "6.6"]
[White "De Gueldre, Philippe"]
[Black "Wagener, Claude"]
[Result "1/2-1/2"]
[WhiteElo "2199"]
[BlackElo "2267"]
[PlyCount "81"]
[EventDate "2016.10.02"]
[EventType "team-tourn"]
[EventRounds "11"]
[EventCountry "BEL"]
[SourceTitle "EXT 2018"]
[Source "ChessBase"]
[SourceDate "2017.10.13"]
[SourceVersion "1"]
[SourceVersionDate "2017.10.13"]
[SourceQuality "1"]
[WhiteTeam "Liege Crelel"]
[BlackTeam "Wirtzfeld"]
[WhiteTeamCountry "BEL"]
[BlackTeamCountry "BEL"]

1. e4 e5 2. Nf3 Nc6 3. Bc4 Nf6 4. d3 Bc5 5. 0-0 d6 6. c3 a6 7. Bb3 0-0 8. h3 Be6 9. Re1 Re8 10. Nbd2 h6 11. Nf1 d5 12. exd5 Bxd5 13. Bc2 e4 14. dxe4 Bxe4 15. Bxe4 Qxd1 16. Rxd1 Nxe4 17. Be3 Rad8 18. Re1 Bxe3 19. Rxe3 Kf8 20. Rae1 Nc5 21. Rxe8+ Rxe8 22. Ne3 Ne5 23. Nxe5 Rxe5 24. Rd1 Ke8 25. Kf1 c6 26. Nc4 Rd5 27. Rxd5 cxd5 28. Ne3 Na4 29. Nd1 Kd7 30. Ke2 Ke6 31. f3 Nc5 32. b3 Ke5 33. Ke3 Ne6 34. g3 g5 35. Nf2 h5 36. Nd3+ Kd6 37. f4 f6 38. fxg5 fxg5 39. Ne1 Ke5 40. Nf3+ Kf6 41. Ng1 1/2-1/2

[Event "LUX-chT 2016/17"]
[Site "Luxembourg"]
[Date "2016.11.20"]
[Round "4"]
[White "Ackermann, Robert"]
[Black "Wagener, Claude"]
[Result "1/2-1/2"]
[WhiteElo "2041"]
[BlackElo "2253"]
[PlyCount "86"]
[EventDate "2016.09.25"]
[EventType "team-tourn"]
[EventRounds "10"]
[EventCountry "LUX"]
[SourceTitle "EXT 2018"]
[Source "ChessBase"]
[SourceDate "2017.10.13"]
[SourceVersion "1"]
[SourceVersionDate "2017.10.13"]
[SourceQuality "1"]

1. e4 c5 2. Nf3 e6 3. d4 cxd4 4. Nxd4 a6 5. Nc3 Qc7 6. Bd3 Nf6 7. 0-0 d6 8. Be3 Nbd7 9. Nb3 b6 10. f4 Bb7 11. Qe2 Be7 12. h3 b5 13. a3 Nc5 14. Bd4 e5 15. fxe5 dxe5 16. Bxc5 Bxc5+ 17. Nxc5 Qxc5+ 18. Kh2 Rd8 19. Rae1 h5 20. Qf2 Qxf2 21. Rxf2 Nd7 22. Be2 g6 23. Rd1 Ke7 24. Nd5+ Bxd5 25. Rxd5 Ke6 26. c4 Nf6 27. Rxd8 Rxd8 28. cxb5 axb5 29. Bxb5 Rd4 30. Bc6 Nxe4 31. Rc2 Nd2 32. Bb5 e4 33. a4 e3 34. a5 Rd5 35. Be2 Rxa5 36. Rc3 Re5 37. b4 Kd5 38. b5 Kd4 39. Rc7 Rf5 40. b6 Nf1+ 41. Kg1 Ng3 42. Rc4+ Kd5 43. Rc2 Nxe2+ 1/2-1/2

[Event "Olympiad-42"]
[Site "Baku"]
[Date "2016.09.13"]
[Round "11.3"]
[White "Wagener, Claude"]
[Black "Paiva, Donaldo"]
[Result "1-0"]
[WhiteElo "2295"]
[BlackElo "2164"]
[PlyCount "39"]
[EventDate "2016.09.02"]
[EventType "team-swiss"]
[EventRounds "11"]
[EventCountry "AZE"]
[SourceTitle "CBM 175"]
[Source "ChessBase"]
[SourceDate "2016.11.10"]
[SourceVersion "1"]
[SourceVersionDate "2016.11.10"]
[SourceQuality "1"]
[WhiteTeam "Luxembourg"]
[BlackTeam "Mozambique"]
[WhiteTeamCountry "LUX"]
[BlackTeamCountry "MOZ"]

1. e4 c5 2. Nf3 d6 3. d4 cxd4 4. Nxd4 Nf6 5. Nc3 a6 6. Bd3 Nc6 7. Nxc6 bxc6 8. 0-0 e5 9. b3 Be7 10. Bb2 0-0 11. Qe2 a5 12. Na4 Be6 13. c4 Qc7 14. Rac1 Nd7 15. Kh1 f5 16. f4 fxe4 17. Bxe4 Rae8 18. fxe5 Nxe5 19. Bxe5 dxe5 20. Qh5 1-0

[Event "Olympiad-42"]
[Site "Baku"]
[Date "2016.09.11"]
[Round "9.3"]
[White "Wagener, Claude"]
[Black "Dive, Russell John"]
[Result "0-1"]
[WhiteElo "2295"]
[BlackElo "2309"]
[PlyCount "170"]
[EventDate "2016.09.02"]
[EventType "team-swiss"]
[EventRounds "11"]
[EventCountry "AZE"]
[SourceTitle "CBM 175"]
[Source "ChessBase"]
[SourceDate "2016.11.10"]
[SourceVersion "1"]
[SourceVersionDate "2016.11.10"]
[SourceQuality "1"]
[WhiteTeam "Luxembourg"]
[BlackTeam "New Zealand"]
[WhiteTeamCountry "LUX"]
[BlackTeamCountry "NZL"]

1. e4 c6 2. d4 d5 3. Nc3 dxe4 4. Nxe4 Bf5 5. Ng3 Bg6 6. Nh3 e6 7. Nf4 Bd6 8. h4 Qc7 9. Nxg6 hxg6 10. Ne4 Bf4 11. Bxf4 Qxf4 12. Ng5 Nd7 13. g3 Qc7 14. Bg2 Nh6 15. 0-0 Nf6 16. c3 Nf5 17. Qf3 0-0 18. Rfe1 a5 19. Rad1 Rab8 20. Qe2 b5 21. Nf3 c5 22. dxc5 Qxc5 23. Qe5 Qb6 24. Nd4 Nxd4 25. Rxd4 Rfd8 26. Red1 b4 27. c4 Rxd4 28. Qxd4 Qxd4 29. Rxd4 Rc8 30. b3 Kf8 31. Rd6 Rc5 32. Ra6 Ne8 33. Bc6 Nc7 34. Rb6 Ke7 35. Kf1 Kd6 36. Ba4+ Ke5 37. Ke2 Kd4 38. Rd6+ Kc3 39. Rd7 Re5+ 40. Kf1 Na6 41. Bb5 Nc5 42. Ra7 Nxb3 43. axb3 Kxb3 44. f4 Rc5 45. Ke2 Kc3 46. Rd7 b3 47. Rd3+ Kb4 48. Kd2 g5 49. hxg5 Rc8 50. Kc1 Rh8 51. Rd2 Kc3 52. Bc6 a4 53. Bxa4 Ra8 54. Re2 Rxa4 55. Re3+ Kb4 56. g6 Ra1+ 57. Kb2 Ra2+ 58. Kb1 fxg6 59. Rxe6 Rg2 60. c5 Rxg3 61. c6 Ka3 62. Re1 Rc3 63. Re7 Rxc6 64. Rxg7 Rf6 65. Ra7+ Kb4 66. Rg7 Kc3 67. Rc7+ Kd4 68. Kb2 Ke3 69. Kxb3 Kxf4 70. Kc4 g5 71. Kd5 g4 72. Rc4+ Kf3 73. Ke5 Rf8 74. Rc3+ Kg2 75. Ke4 g3 76. Rc2+ Kg1 77. Ke3 g2 78. Rc7 Rf1 79. Rg7 Ra1 80. Ke2 Ra2+ 81. Ke1 Ra5 82. Ke2 Ra2+ 83. Ke1 Ra8 84. Ke2 Re8+ 85. Kf3 Kf1 0-1

[Event "Olympiad-42"]
[Site "Baku"]
[Date "2016.09.09"]
[Round "7.2"]
[White "Wagener, Claude"]
[Black "Pacher, Milan"]
[Result "0-1"]
[WhiteElo "2295"]
[BlackElo "2499"]
[PlyCount "76"]
[EventDate "2016.09.02"]
[EventType "team-swiss"]
[EventRounds "11"]
[EventCountry "AZE"]
[SourceTitle "CBM 175"]
[Source "ChessBase"]
[SourceDate "2016.11.10"]
[SourceVersion "1"]
[SourceVersionDate "2016.11.10"]
[SourceQuality "1"]
[WhiteTeam "Luxembourg"]
[BlackTeam "Slovakia"]
[WhiteTeamCountry "LUX"]
[BlackTeamCountry "SVK"]

1. e4 c6 2. d4 d5 3. Nc3 dxe4 4. Nxe4 Bf5 5. Ng3 Bg6 6. Nh3 e5 7. dxe5 Qa5+ 8. c3 Qxe5+ 9. Be2 Nd7 10. 0-0 Qc7 11. Bf4 Qb6 12. Re1 0-0-0 13. b4 Ngf6 14. a4 Ne5 15. Bxe5 Rxd1 16. Raxd1 Bxb4 17. cxb4 Qxb4 18. Nf4 Rd8 19. Rxd8+ Kxd8 20. Rd1+ Ke8 21. Bc7 Qxa4 22. h4 b5 23. Ngh5 Nxh5 24. Nxh5 b4 25. Nxg7+ Kf8 26. Be5 f6 27. Bxf6 Qc2 28. Bg4 b3 29. Rd7 Qc1+ 30. Rd1 b2 31. Ne6+ Ke8 32. Bxb2 Qxb2 33. Nc7+ Ke7 34. Rd7+ Kf6 35. Rd6+ Ke5 36. Rxc6 Be4 37. Rc4 Qa1+ 38. Kh2 Qf1 0-1

[Event "Olympiad-42"]
[Site "Baku"]
[Date "2016.09.04"]
[Round "3.3"]
[White "Gavarrete, Nahun"]
[Black "Wagener, Claude"]
[Result "1/2-1/2"]
[WhiteElo "2149"]
[BlackElo "2295"]
[PlyCount "76"]
[EventDate "2016.09.02"]
[EventType "team-swiss"]
[EventRounds "11"]
[EventCountry "AZE"]
[SourceTitle "CBM 175"]
[Source "ChessBase"]
[SourceDate "2016.11.10"]
[SourceVersion "1"]
[SourceVersionDate "2016.11.10"]
[SourceQuality "1"]
[WhiteTeam "Honduras"]
[BlackTeam "Luxembourg"]
[WhiteTeamCountry "HON"]
[BlackTeamCountry "LUX"]

1. d4 Nf6 2. Nc3 d5 3. Bg5 Nbd7 4. Nf3 g6 5. h4 h6 6. Bf4 c6 7. Qd3 Bg7 8. e4 dxe4 9. Nxe4 Nxe4 10. Qxe4 Nf6 11. Qd3 Bf5 12. Qb3 Qb6 13. Bc4 Qxb3 14. Bxb3 0-0 15. 0-0 Rad8 16. c3 Be4 17. Nd2 Bd5 18. Rfe1 Rfe8 19. Re2 Nd7 20. Rae1 Kf8 21. Ne4 Bxe4 22. Rxe4 Nf6 23. R4e2 e6 24. Be5 Nd5 25. Bxg7+ Kxg7 26. g3 h5 27. Re5 Nf6 28. Kg2 Rc8 29. R1e2 Red8 30. Re1 Rc7 31. Bc2 Nd5 32. Bb3 Nf6 33. Bc2 Nd7 34. R5e2 Nb6 35. Bb3 Nd5 36. Re5 Nf6 37. Rd1 Nd7 38. Re2 Nf6 1/2-1/2

[Event "Pardubice op rap 26th"]
[Site "Pardubice"]
[Date "2015.07.23"]
[Round "9"]
[White "Vrana, Jan"]
[Black "Wagener, Claude"]
[Result "1-0"]
[WhiteElo "2331"]
[BlackElo "2245"]
[PlyCount "37"]
[EventDate "2015.07.22"]
[EventType "swiss (rapid)"]
[EventRounds "9"]
[EventCountry "CZE"]
[SourceTitle "CBM 167 Extra"]
[Source "ChessBase"]
[SourceDate "2015.09.14"]
[SourceVersion "1"]
[SourceVersionDate "2015.09.14"]
[SourceQuality "1"]

1. e4 c5 2. Nf3 e6 3. c3 Nf6 4. e5 Nd5 5. d4 cxd4 6. cxd4 b6 7. Bc4 Ba6 8. Bxd5 exd5 9. Nc3 Bb4 10. Qb3 Bxc3+ 11. bxc3 Bc4 12. Qc2 h6 13. Ba3 Qc8 14. Nh4 d6 15. Nf5 Qa6 16. Nxd6+ Kd7 17. Qf5+ Kc6 18. Bb4 Nd7 19. Nxf7 1-0

[Event "Pardubice op rap 26th"]
[Site "Pardubice"]
[Date "2015.07.23"]
[Round "5"]
[White "Wagener, Claude"]
[Black "Mindl, Josef"]
[Result "1-0"]
[WhiteElo "2245"]
[BlackElo "2011"]
[PlyCount "89"]
[EventDate "2015.07.22"]
[EventType "swiss (rapid)"]
[EventRounds "9"]
[EventCountry "CZE"]
[SourceTitle "CBM 167 Extra"]
[Source "ChessBase"]
[SourceDate "2015.09.14"]
[SourceVersion "1"]
[SourceVersionDate "2015.09.14"]
[SourceQuality "1"]

1. e4 e6 2. d4 d5 3. Nd2 Nf6 4. e5 Nfd7 5. c3 c5 6. Bd3 Nc6 7. Ne2 cxd4 8. cxd4 f6 9. exf6 Nxf6 10. 0-0 Bd6 11. Nf3 0-0 12. Bf4 Bxf4 13. Nxf4 Ne4 14. g3 Qf6 15. h4 Bd7 16. Re1 g5 17. hxg5 Nxg5 18. Nxg5 Qxg5 19. Nxe6 Bxe6 20. Rxe6 Rf4 21. Qe2 Nxd4 22. Re8+ Rxe8 23. Qxe8+ Rf8 24. Qd7 Rf7 25. Qc8+ Kg7 26. Qc3 Qf6 27. f4 Nf5 28. Qxf6+ Kxf6 29. Kf2 Rc7 30. Re1 h6 31. Re5 Ne7 32. Ke3 b6 33. g4 Rc1 34. Rh5 Rg1 35. Rxh6+ Kg7 36. Rh7+ Kf8 37. g5 Rg3+ 38. Kd2 d4 39. g6 Nxg6 40. Bxg6 Rxg6 41. Kd3 Rf6 42. Rxa7 Rxf4 43. Rb7 Ke8 44. Rxb6 Kd8 45. Rd6+ 1-0

[Event "Luxembourg-chT 1415"]
[Site "Luxembourg"]
[Date "2014.10.05"]
[Round "1"]
[White "Alfred, Nathan"]
[Black "Wagener, Claude"]
[Result "1/2-1/2"]
[WhiteElo "2284"]
[BlackElo "2247"]
[PlyCount "128"]
[EventDate "2014.10.05"]
[EventType "team-tourn"]
[EventRounds "10"]
[EventCountry "LUX"]
[SourceTitle "EXT 2017"]
[Source "ChessBase"]
[SourceDate "2016.10.25"]
[SourceVersion "1"]
[SourceVersionDate "2016.10.25"]
[SourceQuality "1"]

1. d4 Nf6 2. Nf3 g6 3. c4 Bg7 4. Nc3 d5 5. Qa4+ Bd7 6. Qb3 dxc4 7. Qxc4 0-0 8. e4 Bg4 9. Be3 Nfd7 10. Rd1 Nb6 11. Qd3 Nc6 12. Be2 e6 13. 0-0 h6 14. h3 Bxf3 15. Bxf3 Qe7 16. e5 Nb4 17. Qe2 c6 18. Be4 N4d5 19. Bc1 Rfd8 20. Kh1 Rac8 21. f4 Qb4 22. Qf3 Rc7 23. Qg3 Ne7 24. a3 Qb3 25. Rd3 Nf5 26. Bxf5 exf5 27. d5 cxd5 28. Ne2 Qa4 29. Nd4 Rdc8 30. Bd2 Nd7 31. b3 Qa6 32. a4 Nc5 33. Rdf3 Ne4 34. Qe1 Bf8 35. g4 Bc5 36. Nb5 Rd7 37. gxf5 gxf5 38. Be3 d4 39. Rg1+ Kf8 40. Bc1 d3 41. Rg2 d2 42. Bxd2 Nxd2 43. Rfg3 Ke7 44. Rxd2 Rxd2 45. Qxd2 Rd8 46. Qc2 Qc6+ 47. Rg2 Be3 48. Nd6 Qxc2 49. Rxc2 Bxf4 50. Rc7+ Ke6 51. Rxb7 Bxe5 52. Nxf7 Rd3 53. Nxe5 Kxe5 54. Rxa7 Rxh3+ 55. Kg2 Rxb3 56. Ra6 Kf4 57. Rxh6 Rb2+ 58. Kg1 Kg3 59. Rg6+ Kf3 60. a5 f4 61. a6 Ra2 62. Rb6 Ra1+ 63. Kh2 Kf2 64. Rb2+ Kf3 1/2-1/2

[Event "Pardubice op rap 25th"]
[Site "Pardubice"]
[Date "2014.07.17"]
[Round "8"]
[White "Marutkins, Olegs"]
[Black "Wagener, Claude"]
[Result "1-0"]
[WhiteElo "2081"]
[BlackElo "2259"]
[PlyCount "43"]
[EventDate "2014.07.16"]
[EventType "swiss (rapid)"]
[EventRounds "9"]
[EventCountry "CZE"]
[SourceTitle "EXT 2015"]
[Source "ChessBase"]
[SourceDate "2014.11.20"]
[SourceVersion "1"]
[SourceVersionDate "2014.11.20"]
[SourceQuality "1"]

1. e4 c5 2. Nf3 e6 3. d4 cxd4 4. Nxd4 Nc6 5. Nxc6 bxc6 6. c4 Nf6 7. Nc3 Bb4 8. e5 Qa5 9. exf6 Bxc3+ 10. bxc3 Qxc3+ 11. Bd2 Qxf6 12. Be2 0-0 13. 0-0 d5 14. Rc1 d4 15. Bd3 e5 16. f4 h6 17. fxe5 Qxe5 18. Qf3 Bd7 19. Rce1 Qc5 20. Qg3 Kh8 21. Re5 Qa3 22. Rh5 1-0

[Event "Luxembourg-chT 1314"]
[Site "Luxembourg"]
[Date "2014.03.16"]
[Round "8"]
[White "Wagener, Claude"]
[Black "Gengler, Pierre"]
[Result "0-1"]
[WhiteElo "2247"]
[BlackElo "2189"]
[PlyCount "110"]
[EventDate "2013.10.05"]
[EventType "team-tourn"]
[EventRounds "10"]
[EventCountry "LUX"]
[SourceTitle "EXT 2017"]
[Source "ChessBase"]
[SourceDate "2016.10.25"]
[SourceVersion "1"]
[SourceVersionDate "2016.10.25"]
[SourceQuality "1"]

1. e4 c5 2. Nf3 Nc6 3. d4 cxd4 4. Nxd4 Nf6 5. Nc3 e5 6. Ndb5 d6 7. Bg5 a6 8. Na3 b5 9. Bxf6 gxf6 10. Nd5 f5 11. c3 Bg7 12. exf5 Bxf5 13. Nc2 0-0 14. Nce3 Be6 15. Bd3 f5 16. 0-0 Kh8 17. Qh5 e4 18. Bc2 Ne7 19. Rad1 Nxd5 20. Nxd5 Ra7 21. f3 Be5 22. fxe4 f4 23. Qh6 Bg4 24. Nxf4 Rxf4 25. Rxf4 Bxf4 26. Qxf4 Bxd1 27. Bxd1 Qe7 28. Bb3 Ra8 29. Bd5 Rf8 30. Qd2 Qa7+ 31. Qd4+ Qxd4+ 32. cxd4 b4 33. Bc4 a5 34. Bd3 h6 35. g3 Kg7 36. Kg2 a4 37. Bc2 a3 38. bxa3 bxa3 39. Bb3 Rb8 40. Bd5 Rb2+ 41. Kf3 Rxh2 42. Kf4 Rd2 43. Ke3 Rd1 44. Bb3 Rb1 45. Bd5 Kf6 46. Bc4 Rb4 47. Bd5 Kg5 48. Be6 Rb1 49. Ke2 Rc1 50. Kf3 Rc3+ 51. Kf2 Rd3 52. e5 Rxd4 53. exd6 Rxd6 54. Bc4 Kg4 55. Be2+ Kh3 0-1

[Event "Boeblinger op 30th"]
[Site "Boeblingen"]
[Date "2013.12.30"]
[Round "8"]
[White "Wagener, Claude"]
[Black "Schmid, Roland"]
[Result "1/2-1/2"]
[WhiteElo "2217"]
[BlackElo "2261"]
[PlyCount "56"]
[EventDate "2013.12.26"]
[EventType "swiss"]
[EventRounds "9"]
[EventCountry "GER"]
[SourceTitle "CBM 158 Extra"]
[Source "ChessBase"]
[SourceDate "2014.02.28"]
[SourceVersion "1"]
[SourceVersionDate "2014.02.28"]
[SourceQuality "1"]

1. e4 e6 2. d4 d5 3. Nd2 c5 4. exd5 Qxd5 5. Ngf3 cxd4 6. Bc4 Qd6 7. 0-0 Nf6 8. Nb3 Nc6 9. Nbxd4 Nxd4 10. Nxd4 a6 11. Bb3 Qc7 12. Qf3 Bd6 13. h3 Be5 14. c3 0-0 15. Re1 Nd7 16. Be3 Bh2+ 17. Kh1 Bd6 18. Rad1 Ne5 19. Qh5 Ng6 20. Bc2 Be7 21. Nf3 Bd7 22. Ng5 Bxg5 23. Qxg5 Bc6 24. h4 h6 25. Qg4 Qe7 26. Bxg6 fxg6 27. Bd4 Rf5 28. Re5 Raf8 1/2-1/2

[Event "Boeblinger op 30th"]
[Site "Boeblingen"]
[Date "2013.12.29"]
[Round "7"]
[White "Wagener, Claude"]
[Black "Eisenbeiser, Amadeus"]
[Result "1/2-1/2"]
[WhiteElo "2217"]
[BlackElo "2341"]
[PlyCount "62"]
[EventDate "2013.12.26"]
[EventType "swiss"]
[EventRounds "9"]
[EventCountry "GER"]
[SourceTitle "CBM 158 Extra"]
[Source "ChessBase"]
[SourceDate "2014.02.28"]
[SourceVersion "1"]
[SourceVersionDate "2014.02.28"]
[SourceQuality "1"]

1. e4 d6 2. d4 g6 3. Nc3 Bg7 4. Be3 a6 5. h4 Nd7 6. h5 b5 7. hxg6 hxg6 8. Rxh8 Bxh8 9. Qd2 Bb7 10. f3 e6 11. 0-0-0 Qe7 12. Bd3 Bg7 13. Kb1 Qf8 14. f4 Ngf6 15. e5 Ng4 16. Nf3 Bxf3 17. gxf3 Nxe3 18. Qxe3 d5 19. Ne2 Nb6 20. Rh1 0-0-0 21. Qg1 Kb7 22. Qg5 Re8 23. Rh7 Qg8 24. Qh4 Rc8 25. Nc1 Nd7 26. Qh2 c5 27. dxc5 Nxc5 28. Nb3 Nxb3 29. axb3 Rc7 30. Qh4 Qf8 31. Qg5 Qg8 1/2-1/2

[Event "Luxembourg-chT 1314"]
[Site "Luxembourg"]
[Date "2013.10.05"]
[Round "1"]
[White "Mertens, Marc"]
[Black "Wagener, Claude"]
[Result "0-1"]
[WhiteElo "2217"]
[BlackElo "2247"]
[PlyCount "36"]
[EventDate "2013.10.05"]
[EventType "team-tourn"]
[EventRounds "10"]
[EventCountry "LUX"]
[SourceTitle "EXT 2017"]
[Source "ChessBase"]
[SourceDate "2016.10.25"]
[SourceVersion "1"]
[SourceVersionDate "2016.10.25"]
[SourceQuality "1"]

1. e4 c5 2. Nf3 e6 3. d4 cxd4 4. Nxd4 Nf6 5. Nc3 d6 6. g3 a6 7. Bg2 Be7 8. 0-0 Qc7 9. f4 0-0 10. g4 Nc6 11. Nxc6 bxc6 12. g5 Nd7 13. f5 Re8 14. f6 Bf8 15. b3 Bb7 16. Ne2 d5 17. Bf4 e5 18. fxg7 Bc5+ 0-1

[Event "Pardubice op rap 24th"]
[Site "Pardubice"]
[Date "2013.07.18"]
[Round "9"]
[White "Wagener, Claude"]
[Black "Kulicov, Oleg Anatolie"]
[Result "1-0"]
[WhiteElo "2240"]
[BlackElo "2453"]
[PlyCount "85"]
[EventDate "2013.07.17"]
[EventType "swiss (rapid)"]
[EventRounds "9"]
[EventCountry "CZE"]
[SourceTitle "CBM 155 Extra"]
[Source "ChessBase"]
[SourceDate "2013.08.26"]
[SourceVersion "1"]
[SourceVersionDate "2013.08.26"]
[SourceQuality "1"]

1. e4 c5 2. Nf3 e6 3. Nc3 Nc6 4. d4 cxd4 5. Nxd4 Qc7 6. Be3 a6 7. Bd3 Nf6 8. 0-0 Bd6 9. f4 Nxd4 10. e5 Bc5 11. exf6 gxf6 12. Ne4 Bb6 13. Nxf6+ Ke7 14. Qh5 Nxc2 15. Bxb6 Qxb6+ 16. Kh1 Qxb2 17. Nd5+ exd5 18. Bxc2 d6 19. Rae1+ Be6 20. f5 Raf8 21. Bb3 Qd4 22. fxe6 fxe6 23. Rxf8 Rxf8 24. Qxh7+ Rf7 25. Qh3 Qe4 26. Rc1 Qf4 27. Rg1 Qe4 28. Qc3 Kd7 29. Rc1 Qf4 30. Qc8+ Ke7 31. Rc7+ Kf6 32. Rxf7+ Kxf7 33. Qxb7+ Kf6 34. Qb6 d4 35. Qd8+ Ke5 36. Qh8+ Ke4 37. Qh7+ Ke3 38. Qh3+ Kd2 39. Qf3 Qe3 40. Qd1+ Kc3 41. h4 d3 42. h5 d2 43. Qf3 1-0